| 000 | 00968pam a2200253 a 4500 | ||
|---|---|---|---|
| 020 | _a0070311102 | ||
| 020 | _a007031117X | ||
| 082 | 0 | 0 |
_a532/.05 _bHUG _cL-22, P-19 |
| 100 | 1 |
_aHughes, William F. _939351 |
|
| 245 | 1 | 0 |
_aSchaum's outline of theory and problems of fluid dynamics / _cWilliam F. Hughes, John A. Brighton. |
| 250 | _a2nd ed. | ||
| 260 |
_aNew York : _bMcGraw-Hill, _cc1991. |
||
| 300 |
_avii, 344 p. : _bill. ; _c28 cm. |
||
| 490 | 0 | _aSchaum's outline series | |
| 526 |
_a0 _b0 _c0 _d532_050000000000000_HUG |
||
| 650 | 0 |
_aFluid dynamics _xOutlines, syllabi, etc. _939986 |
|
| 650 | 0 |
_aFluid dynamics _xProblems, exercises, etc. _939987 |
|
| 650 | 0 |
_aMCE _9379 |
|
| 700 | 1 |
_aBrighton, John A. _939988 |
|
| 856 | 4 | 1 | _uhttp://www.loc.gov/catdir/enhancements/fy0602/90034320-t.html |
| 856 | 4 | 2 | _uhttp://www.loc.gov/catdir/enhancements/fy0602/90034320-b.html |
| 856 | 4 | 2 | _uhttp://www.loc.gov/catdir/enhancements/fy0602/90034320-d.html |
| 942 |
_2ddc _cBK |
||
| 999 |
_c544373 _d544373 |
||